Welcome to CU Library Online Public Access Catalogue (OPAC)

The Mind and heart of the negotiator (Record no. 4630)

MARC details
000 -LEADER
fixed length control field 00455nam a22001577a 4500
005 - DATE AND TIME OF LATEST TRANSACTION
control field 20250310102030.0
008 - FIXED-LENGTH DATA ELEMENTS--GENERAL INFORMATION
fixed length control field 250310b |||||||| |||| 00| 0 eng d
020 ## - INTERNATIONAL STANDARD BOOK NUMBER
International Standard Book Number 9780132709507
050 ## - LIBRARY OF CONGRESS CALL NUMBER
Classification number HD58
Item number .6T478 THO
100 ## - MAIN ENTRY--PERSONAL NAME
Personal name Thompson, Leigh
245 ## - TITLE STATEMENT
Title The Mind and heart of the negotiator
260 ## - PUBLICATION, DISTRIBUTION, ETC.
Place of publication, distribution, etc. Upper Saddle
Name of publisher, distributor, etc. Prentice Hall
Date of publication, distribution, etc. c1998
300 ## - PHYSICAL DESCRIPTION
Extent xxiii, 359p
500 ## - GENERAL NOTE
General note includes references, subject index, author index
942 ## - ADDED ENTRY ELEMENTS (KOHA)
Source of classification or shelving scheme Library of Congress Classification
Koha item type Books
Suppress in OPAC No
999 ## -
-- 4630
-- 4630
Holdings
Withdrawn status Lost status Source of classification or shelving scheme Damaged status Not for loan Collection Home library Current library Shelving location Date acquired Total checkouts Full call number Barcode Date last seen Copy number Price effective from Koha item type
    Library of Congress Classification     Non-fiction Undergraduate Library (Christ Temple) Undergraduate Library (Christ Temple) General stacks 03/10/2025   HD58.6.T478 THO ULCT00001595 03/10/2025 1 03/10/2025 Books
© 2023-2024 Copyright: Central University Libraries. All Rights Reserved | Created by: Mahone Tech Office